القضية الفلسطينية إلي أين ؟؟ : (Record no. 14619)

MARC details
000 -الفاتح
حقل البيانات ثابتة الطول 01239nam a2200301 i 4500
003 - محدد رقم الضبط
رقم الضبط EG-ScBUE
005 - وقت وتاريخ اخر تعامل مع التسجيلة
رقم الضبط 20240716100557.0
008 - عناصر البيانات ثابتة الطول - معلومات عامة
حقل البيانات ثابتة الطول 100805s2005 ua r f b00 0 ARA ara d
017 ## - رقم الإيداع القانونى
رقم الإيداع القانونى 2005 / 3364
020 ## - الرقم الدولى المعيارى للكتب
الرقم الدولى المعيارى للكتاب 9770710679
040 ## - مصدر الفهرسة
وكالة الفهرسة الأصلية EG-ScBUE
لغة الفهرسة ara
قواعد الوصف rda
وكالة النسخ EG-ScBUE
وكالة التعديل EG-ScBUE
043 ## - رمز المنطقة الجغرافية
رمز المنطقة الجغرافية awba---
-- awgz---
-- a-is---
082 04 - رقم تصنيف ديوى العشرى
رقم التصنيف 956.94
رقم المادة ح س ي
رقم الطبعة 22
100 1# - المدخل الرئيسى - إسم شخصى
9 (RLIN) 17114
الإسم الشخصى حسين، زكريا،
الدور مؤلف.
245 12 - بيان العنوان
العنوان القضية الفلسطينية إلي أين ؟؟ :
بقية العنوان المواجهة العربية الإسرائيلية بين الحرب والسلام عبر أكثر من نصف قرن 1917 - 2004 /
بيان المسئوليه,etc بقلم لواء أ. ح. زكريا حسين.
264 #1 - النشر، التوزيع
مكان الناشر او الموزع [القاهرة] :
اسم الناشر او الموزع دار الهلال،
تاريخ النشر أو التوزيع [2005]
300 ## - الوصف المادى
التعداد 330 صفحة ؛
أبعاد الوعاء 24 سم
336 ## - نوع المحتوى
source rdacontent
Carrier Type Term نص
Content Type Code txt
337 ## - نوع الوسيط
Media Type Term بدون وسيط
source rdamedia
Media Type Code n
338 ## - نوع الحامل أو الناقل
Carrier Type Term مجلد
Carrier Type Code nc
source rdacarrier
504 ## - تبصرة ببليوجرافية
تبصرة ببليوجرافية,الخ يشتمل علي إرجاعات ببليوجرافية.
541 ## - تبصرة المصدر المباشر للتزويد
مصدر التزويد ؛ألف باء
طريقة التزويد ؛شراء
650 #7 - المدخل الاضافى بالموضوع-مصطلح موضوعى
9 (RLIN) 8530
مصطلح موضوعي أو اسم جغرافي كعنصر مدخل القضية الفلسطينية.
مصدر الرأس أو المصطلح BUEsh
650 #7 - المدخل الاضافى بالموضوع-مصطلح موضوعى
9 (RLIN) 13399
مصطلح موضوعي أو اسم جغرافي كعنصر مدخل النزاع العربي الإسرائيلي.
مصدر الرأس أو المصطلح BUEsh
653 ## - مصطلح تكشيفى غير مقيد
Arrived date list July2011
655 ## - مصطلح تكشيفى-نوع/شكل
التقسيم الفرعي الشكلي Reading book
942 ## - عناصر المدخل الإضافي( كوها)
مصدر التصنيف او مخطط الترفيف Dewey Decimal Classification
Koha [default] item type Book - Borrowing
Holdings
حالة التراجع حالة الفقد مصدر التصنيف او خطة الترفيف حالة تلف ليس للاعارة مجموعات كوها المكان الدائم المكان الحالي موقع الترفيف تاريخ الاكتساب رقم الاستدعاء الباركود Date last seen نوع الوعاء Source of acquisition مُعار
    Dewey Decimal Classification     Alef-Baa Central Library Central Library Second Floor 05/08/2010 956.94 ح س ي 000021653 15/07/2025 Book - Borrowing    
    Dewey Decimal Classification     Alef-Baa Central Library Central Library Second Floor 17/07/2011 956.94 ح س ي 000024361 15/07/2025 Book - Borrowing Purchase 26/02/2017